00434nam a2200181Ia 450000500170000000800410001702000220005804100080008008200160008810000130010424500290011726000410014630000090018744000060019650000190020265000180022170000130023920230426072854.0230125s9999 xx 000 0 und d a978-81-8495-881-2 aeng a658.45bZOL aZoller K a16 Communication Secrets c2017bJaico Publishing HouseaMumbai a127p v1 aCommunication  aCommunication aZoller K